| 000 | 00510nam a2200169 a 4500 | ||
|---|---|---|---|
| 005 | 20240924064131.0 | ||
| 008 | 991125s1941 mx 000 0 spa u | ||
| 035 | _aUPN01000001668 | ||
| 049 | _aSEP | ||
| 050 | 4 |
_aL227 A4 _bM4.2 1941 |
|
| 110 | 1 |
_aMéxico. _bSecretaría de Educación Pública |
|
| 245 | 1 | 0 |
_aAlgunas orientaciones sobre educación pública / _cSecretaría de Educación Pública. |
| 260 |
_aMéxico : _bSEP, _c1941. |
||
| 300 | _a37 p. | ||
| 650 | 4 |
_aEducación _zMéxico _95405 |
|
| 905 | _aLibro | ||
| 999 |
_c1668 _d1668 |
||